Die empirische Erforschung der Persönlichkeit
| Main Author: | |
|---|---|
| Contributors: | |
| Format: | Print Book |
| Language: | German |
| Published: |
Weinheim Basel
Beltz
1973
|
| In: |
Beltz-Studienbuch (42)
Year: 1973 |
| Online Access: |
Table of Contents |
| Availability in Tübingen: | Present in Tübingen. IFK: N VI 66 |
| Check availability: | HBZ Gateway |
| Subito Delivery Service: | Order now. |
| Keywords: |
MARC
| LEADER | 00000cam a2200000 c 4500 | ||
|---|---|---|---|
| 001 | 024910694 | ||
| 003 | DE-627 | ||
| 005 | 20260424161642.0 | ||
| 007 | tu | ||
| 008 | 871217s1973 gw ||||| 00| ||ger c | ||
| 015 | |a 73,A51,0081 |2 dnb | ||
| 016 | 7 | |a 730415724 |2 DE-101 | |
| 020 | |a 340728165X |9 3-407-28165-X | ||
| 035 | |a (DE-627)024910694 | ||
| 035 | |a (DE-603)046229655 | ||
| 035 | |a (DE-576)004064038 | ||
| 035 | |a (DE-599)GBV024910694 | ||
| 035 | |a (OCoLC)74140344 | ||
| 035 | |a (OCoLC)74140344 | ||
| 035 | |a (OCoLC)214693641 | ||
| 035 | |a (DE-604)8012375691 | ||
| 040 | |a DE-627 |b ger |c DE-627 |e rakwb | ||
| 041 | |a ger | ||
| 044 | |c XA-DE |c XA-CH | ||
| 084 | |a 03b |2 sdnb | ||
| 084 | |a 03b |a 17a |2 sdnb | ||
| 084 | |a CR 1000 |2 rvk |0 (DE-625)rvk/19030: | ||
| 100 | 1 | |a Cattell, Raymond B. |d 1905-1998 |0 (DE-588)118942484 |0 (DE-627)250577801 |0 (DE-576)160542308 |4 aut | |
| 109 | |a Cattell, Raymond B. 1905-1998 |a Cattell, Raymond Bernard 1905-1998 |a Cattell, Raimond Bernard 1905-1998 |a Cattell, R. B. 1905-1998 |a Cattell, Raymond 1905-1998 |a Cattel, Raymond B. 1905-1998 | ||
| 240 | 1 | 4 | |a The scientific analysis of personality <dt.> |
| 245 | 1 | 4 | |a Die empirische Erforschung der Persönlichkeit |c Raymond B. Cattell. Aus dem Engl. übers. von Lorenzo Piaggio |
| 264 | 1 | |a Weinheim |a Basel |b Beltz |c 1973 | |
| 300 | |a 351 S. |b Ill., graph. Darst. |c 21 cm | ||
| 336 | |a Text |b txt |2 rdacontent | ||
| 337 | |a ohne Hilfsmittel zu benutzen |b n |2 rdamedia | ||
| 338 | |a Band |b nc |2 rdacarrier | ||
| 490 | 1 | |a Beltz-Studienbuch |v 42 | |
| 500 | |a Literaturverz. S. 322 - 329 | ||
| 505 | 8 | |a Literaturangaben | |
| 583 | 1 | |a Archivierung/Langzeitarchivierung gewährleistet |f PEBW |x XA-DE-BW |2 pdager |5 DE-31 | |
| 650 | 0 | |a Personality | |
| 650 | 0 | 7 | |0 (DE-588)4173865-2 |0 (DE-627)105376655 |0 (DE-576)209953209 |a Persönlichkeitsforschung |2 gnd |
| 650 | 4 | |a Persönlichkeitsforschung | |
| 650 | 4 | |a Persönlichkeitstheorie | |
| 650 | 4 | |a Faktorenanalyse | |
| 650 | 4 | |a Quantitative Methode | |
| 650 | 4 | |a Persönlichkeit, Entwicklung, Erforschung, Integration | |
| 689 | 0 | 0 | |d s |0 (DE-588)4173865-2 |0 (DE-627)105376655 |0 (DE-576)209953209 |a Persönlichkeitsforschung |2 gnd |
| 689 | 0 | |5 (DE-627) | |
| 700 | 1 | |8 1\p |a Piaggio, Lorenzo |e Übers. |0 (DE-588)125870329 |0 (DE-627)693396954 |0 (DE-576)295346825 |4 oth | |
| 700 | 1 | 2 | |a Cattell, Raymond B. |d 1905-1998 |t The scientific analysis of personality <dt.> |
| 830 | 0 | |a Beltz-Studienbuch |v 42 |9 42 |w (DE-627)130133019 |w (DE-576)010904611 |w (DE-600)510188-8 |7 am | |
| 856 | 4 | 2 | |u http://scans.hebis.de/HEBCGI/show.pl?04622965_toc.pdf |m V:DE-603;B:DE-17 |q application/pdf |3 Inhaltsverzeichnis |7 1 |
| 883 | |8 1\p |a cgwrk |d 20241001 |q DE-101 |u https://d-nb.info/provenance/plan#cgwrk | ||
| 935 | |i Blocktest | ||
| 936 | r | v | |a CR 1000 |b Einführung, Grundfragen, Lehrbücher, Kompendien |k Psychologie |k Differentielle Psychologie (Persönlichkeitspsychologie) |k Einführung, Grundfragen, Lehrbücher, Kompendien |0 (DE-627)1270708767 |0 (DE-625)rvk/19030: |0 (DE-576)200708767 |
| 936 | s | n | |a c200 |2 mzub |
| 951 | |a BO | ||
| ELC | |b 1 | ||
| LOK | |0 000 xxxxxcx a22 zn 4500 | ||
| LOK | |0 001 3086018356 | ||
| LOK | |0 003 DE-627 | ||
| LOK | |0 004 024910694 | ||
| LOK | |0 005 20020607000000 | ||
| LOK | |0 008 930209||||||||||||||||ger||||||| | ||
| LOK | |0 040 |a DE-21-110 |c DE-627 |d DE-21-110 | ||
| LOK | |0 852 |a DE-21-110 | ||
| LOK | |0 852 1 |c N VI 66 |m p |9 00 | ||
| LOK | |0 935 |a k110 | ||
| LOK | |0 936ln |a 8.7.4 | ||
| LOK | |0 938 |k p | ||
| LOK | |0 939 |a 1993-02-09 |b l01 | ||
| ORI | |a WA-MARC-krimdoka001.raw | ||
| SIG | |a IFK: N VI 66 | ||
